000 00258nam a2200109Ia 4500
008 230822s9999 xx 000 0 und d
041 _aeng
100 _aFLEMINGO CLOHN
245 _aDICTIONARY OF ARCHITECTURE
260 _bPENGUIN BOOKS LTD
300 _a327
999 _c860010
_d860010